<An> introduction to digital logic
Saved in:
| Main Author: | |
|---|---|
| Format: | Book |
| Language: | English |
| Published: |
London
MacMillan
1973
|
| Tags: |
No Tags, Be the first to tag this record!
|
MARC
| LEADER | 00000nam a2200000 4500 | ||
|---|---|---|---|
| 001 | c109379 | ||
| 005 | 20221207074706.9 | ||
| 041 | 0 | |a eng | |
| 044 | |a GB | ||
| 245 | 1 | 0 | |a <An> introduction to digital logic |c A. Potton |
| 264 | 1 | |a London |b MacMillan |c 1973 | |
| 300 | |a 144 s. | ||
| 100 | 1 | |a Potton, A. | |